000 00243nam a2200097Ia 4500
082 _aEJF FRIE
245 0 _aBoobela and Worm
100 _a Friedman, Joe London, 2009
_973616
942 _cBK
008 210817s9999 xx 000 0 und d
999 _c241303
_d241302